000
00303nam a2200133Ia 4500
008
240624s9999 xx 000 0 und d
041
_a
eng
082
_a
343.04 TAX
100
_a
TAXMANN
245
_a
INDIRECT TAX LAWS
250
_a
(9th ed.)
260
_c
2012
_a
New Delhi
_b
Taxmann
365
_c
RS
_b
29
999
_c
20911
_d
20911